000 00278nam a2200121Ia 4500
008 190216s9999||||xx |||||||||||||| ||und||
100 _aUparaj Saxena
245 0 _aHindi-Bisvaski Rajath Sipiyam
260 _bPravar Prakashan
300 _a104
650 _aHindi
942 _cBK
999 _c16299
_d16299